ბათუმის შოთა რუსთაველის სახელმწიფო უნივერსიტეტის ბიბლიოთეკა

Справочная книга по санитарной технике(отопление, вентиляция, теплоснабжение) (ბიბ.ჩანაწერი № 42560)

000 -LEADER
fixed length control field 00743nam a2200205Ia 4500
001 - CONTROL NUMBER
control field 9259
003 - CONTROL NUMBER IDENTIFIER
control field GE_BSU
008 - FIXED-LENGTH DATA ELEMENTS--GENERAL INFORMATION
fixed length control field 181216s||||||||xx |||||||||||||| ||und||
040 ## - CATALOGING SOURCE
Transcribing agency GE_BSU
080 ## - UNIVERSAL DECIMAL CLASSIFICATION NUMBER
Universal Decimal Classification number 628(035.3)
100 ## - MAIN ENTRY--PERSONAL NAME
Personal name Лейв,Ж.Я. Либер,И.Л. Евдокимова,В.А.
245 ## - TITLE STATEMENT
Title Справочная книга по санитарной технике(отопление, вентиляция, теплоснабжение)
245 ## - TITLE STATEMENT
Statement of responsibility, etc. Ред. М.С.Червова.
260 ## - PUBLICATION, DISTRIBUTION, ETC.
Place of publication, distribution, etc. Л.
260 ## - PUBLICATION, DISTRIBUTION, ETC.
Name of publisher, distributor, etc. Лениздат.
260 ## - PUBLICATION, DISTRIBUTION, ETC.
Date of publication, distribution, etc. 1966.
300 ## - PHYSICAL DESCRIPTION
Extent 438 стр. с илл. 27 см. Библиогр.: стр.437.
653 ## - INDEX TERM--UNCONTROLLED
Uncontrolled term Справочная книга по санитарной технике.
942 ## - ADDED ENTRY ELEMENTS (KOHA)
Koha item type წიგნი
ეგზემპლარები
Withdrawn status Lost status Damaged status Not for loan Date acquired Barcode Date last seen Price effective from Koha item type
        2018-12-17 10252 2018-12-17 2018-12-17 წიგნი